00482nam a22001577a 450000500170000001000150001702000260003203500140005803700130007208200120008510000270009724500590012426000410018327000800022430000200030420200302164716.0 aENG-127949 a9788175247376c300.00 aEN-111481 bDBAD/PUB a613.711 aPathak,Minakshi Pathak aComplete Guide to Sports Training/cby Minakshi Pathak aNew DelhibKhel Sahitya Kendrac2015 a7/26, Ansari Road, DaryaganjbNew Delhie110002mkhelsahitya@rediffmail.com a103p.c23cm(hb)